[Event "Terres Catalanes 15th"]
[Site "Ampuriabrava"]
[Date "1997.09.21"]
[Round "5"]
[White "Ubilava, Elizbar"]
[Black "Sion Castro, Marcelino"]
[Result "1-0"]
[WhiteElo "2520"]
[BlackElo "2435"]
[Annotator "Ribli,Z"]
[PlyCount "81"]
[EventDate "1997.09.17"]
[EventType "tourn"]
[EventRounds "9"]
[EventCountry "ESP"]
[EventCategory "10"]
[SourceTitle "CBM 062"]
[Source "ChessBase"]
[SourceDate "1998.01.31"]
[SourceVersion "1"]
[SourceVersionDate "1998.01.31"]
[SourceQuality "1"]

1. c4 {Cifuentes} g6 2. e4 $5 {Eine Anti-Grünfeld-Indische Variante. Wenn Weiß
2.d4 spielt, wäre nach 2...Nf6 3.Nc3 d5 die Gruenfeld-Indische Verteidigung
möglich.Ribli.} e5 {Die prinzipielle Antwort. Schwarz spielt eigentlich eine
Hybridvariante aus der Königsindischen Verteidigung und der Englischen
Eröffnung.} (2... c5 3. Nf3 Bg7 4. d4 cxd4 5. Nxd4 Nc6 6. Be3 Nf6 7. Nc3 {
Das ist die Maroczy-Variante der Sizilianischen Verteidigung. Hier hat Weiß
dank seines Zentrumsvorteils etwas bessere Aussichten.}) 3. d4 Nf6 4. Nf3 $5
Nxe4 (4... Bb4+ 5. Bd2 Bxd2+ (5... Qe7 6. Bxb4 Qxb4+ 7. Qd2 Qxd2+ 8. Nbxd2 exd4
9. e5 Nh5 10. Nxd4 Nc6 (10... O-O 11. O-O-O (11. Nb5 $5 {Cifuentes} Na6 12.
O-O-O f6 13. exf6 Rxf6 14. Ne4 Rf4 15. Bd3 $14) 11... f6 12. exf6 Nxf6 13. Be2
d6 14. Rhe1 c6 15. Bf3 Na6 16. Ne4 Nxe4 17. Rxe4 Rf6 18. Re8+ Rf8 19. Re3 {
1-0 Huebner,R-Stohl,I/BL9697 (21)}) 11. Nxc6 dxc6 12. O-O-O Bf5 13. g3 O-O-O (
13... Ng7 {Cifuentes} 14. Bg2 Ke7 $6 (14... O-O-O 15. Ne4 Bxe4 16. Bxe4 Ne6 17.
Rxd8+ Rxd8 18. Rd1 Rxd1+ $6 (18... Nd4 $1 $14) 19. Kxd1 Nd4 20. Kd2 c5 21. Bd5
$16) 15. Ne4 Bxe4 $8 16. Bxe4 Rad8 (16... Rab8 17. Rd2 c5 18. Rhd1 $16) 17.
Rxd8 Rxd8 18. Rd1 Rg8 (18... Rxd1+ 19. Kxd1 Ne6 20. Kd2 f5 21. exf6+ Kxf6 22.
Ke3 $16) 19. Kd2 $1 h5 20. Ke3 $14 {1/2-1/2,Stean,M-Jansa,V/Smederevska
Palanka 1982 (28)}) 14. Bg2 Rd4 15. b3 f6 16. Nf3 Rxd1+ 17. Rxd1 Re8 18. Re1
fxe5 19. Rxe5 Kd7 20. Rxe8 Kxe8 21. Nd4 Bd7 22. c5 {Stean,M-Welin,T/Viking
1981/1/2-1/2 (52)}) 6. Nbxd2 d6 7. dxe5 dxe5 8. Nxe5 Qe7 9. f4 Nbd7 10. Nxd7
Bxd7 11. e5 O-O-O 12. Be2 Bc6 13. exf6 Qe3 14. Rf1 Bxg2 15. Rf2 Bh3 16. Qc1 {
1-0 Polugaevsky,L-Tal,M/URS-ch41 1973/ (34)}) 5. Bd3 Bb4+ {N} (5... d5 6. O-O
Nd6 7. dxe5 Nxc4 8. Bxc4 $1 dxc4 9. Qa4+ c6 (9... Nc6 10. Rd1) 10. Rd1 Qc7 11.
Qxc4 Be6 12. Qh4 Nd7 13. Nc3 Be7 14. Bg5 $36 {1-0 Portisch,L-Timman,J/Buenos
Aires olm 1978/MCD-ol (37)} (14. Bg5 {Cifuentes} Bxg5 15. Qxg5 h6 16. Qe3 Qb6
17. Rd4 O-O-O 18. b4 $16 {Portisch,L-Timman,J/Buenos Aires olm 1978})) 6. Kf1
$1 $14 {[#]} (6. Nbd2 Nxd2 (6... d5 7. Qa4+ Nc6 8. Nxe5 Bd7 (8... Nxd2 9. Nxc6
bxc6 10. Qxb4 Nxc4 11. O-O $44) 9. Bxe4 dxe4 10. Nxc6 Bxd2+ 11. Bxd2 Bxc6 12.
Qb3 $16) 7. Bxd2 Bxd2+ 8. Qxd2 exd4 9. Qh6 $13 (9. Qh6 {Cifuentes} Qf6 10.
O-O-O $44)) 6... d5 7. Nxe5 {Weiß kann nicht mehr rochieren, aber das ist
nicht von großer Bedeutung. Schwarz hat auch seine Schwächen: die schwarzen
Felder am Königsflügel, zumal sein schützender schwarzfeldriger Läufer auf b4
weit entrückt ist.} (7. Qa4+ Nc6 8. Nxe5 Nxf2 $5 9. Nxc6 bxc6 10. Kxf2 Qf6+ {
[%csl Rf2]} 11. Ke3 (11. Ke2 Bg4+ {[%csl Re2]}) 11... Qg5+ $11 {Schwarz hat
mindestens Dauerschach.}) 7... O-O 8. f3 (8. cxd5 $5 Qxd5 9. Bc4 Qd8 10. Nxf7
Qe7 11. Ng5+ Kh8 (11... Kg7 {Cifuentes} 12. Nxe4 Qxe4 13. Nc3 Qh4 14. Be3 $14)
12. Nxe4 Qxe4 13. Nc3 Qh4 14. Be3 $16) 8... Nf6 9. Nc3 $6 (9. c5 $1 {Cifuentes}
Re8 10. Bg5 Bxc5 11. Nxf7 Kxf7 12. dxc5 Qe7 13. Nc3 $1 Qxc5 14. Rc1 $18) 9...
Nc6 (9... c5 $5 $13 10. a3 (10. Bg5 cxd4 11. Nxd5 $2 Nxd5 12. Bxd8 Ne3+ {
[%cal Re3d1,Re3f1]}) 10... cxd4 (10... Bxc3 11. bxc3 Nc6 $5) 11. axb4 dxc3 12.
bxc3 dxc4 13. Nxc4 Bf5 $11) 10. Nxc6 bxc6 11. c5 $1 {[%csl Rb4] Weiß droht 12.
Ne2 nebst Läuferfang. So muß Schwarz sofort sein Läuferpaar aufgeben und die
Schwächung der schwarzen Felder in Kauf nehmen.} Bxc3 12. bxc3 Nh5 (12... a5 $5
{Schwarz möchte versuchen, zumindest die weißfeldrigen Läufer zu tauschen.})
13. Bh6 {[%csl Yf6,Yg7]} Re8 14. Qd2 Rb8 (14... Qh4 $2 15. Bg5 Ng3+ 16. Kg1 $18
) 15. Kf2 Qh4+ 16. g3 Qh3 {Schwarz hat etwas Aktivität, aber Weiß treibt die
schwarzen Figuren Schritt für Schritt zurück.} 17. Bf1 Qe6 18. g4 $1 Ng7 19.
Bd3 Qe7 (19... f5 $6 {Dieser scheinaktive Zug bringt Schwarz nur Ärger ein.}
20. Bxg7 Kxg7 21. Rae1 (21. gxf5 Qf6 $1 22. fxg6 Qh4+ $132) 21... Qf7 22. Rxe8
Qxe8 23. Re1 Qf7 24. gxf5 Bxf5 25. Bxf5 gxf5 (25... Qxf5 26. Re7+ Kg8 (26...
Kf8 27. Rxc7 $18) 27. Qh6 $18) 26. Qg5+ {[%csl Rg7]} Qg6 (26... Kh8 27. Re7
Rb2+ 28. Kg3 {Und der weiße König ist in Sicherheit.Ribli.}) 27. Re7+ Kh8 28.
Qxg6 hxg6 29. Rxc7 Rb2+ 30. Kg3 Rxa2 31. Rxc6 Kg7 32. Rd6 Rc2 33. Rxd5 Rxc3 34.
Rd7+ $18) 20. Bf4 f6 21. Rhe1 {[%csl Gd3,Gf4]} Be6 22. Re2 Qd7 23. Rae1 {
Weiß hat aufgrund des Läuferpaares und der etwas freieren Stellung einen
kleinen Vorteil,aber Schwarz sollte seine Stellung bei akkuratem Spiel halten
können.} g5 $2 {[#] Es ist psychologisch verständlich, daß der Spanier aktiv
spielen möchte, aber es wäre besser gewesen, mit Wartezügen die Stellung zu
halten.} (23... Bf7 $142 24. h4 Rxe2+ $14) 24. Bxg5 $5 {Ein positionelles
Figurenopfer! Das Hauptproblem für Schwarz besteht darin, daß sein Springer
sehr unglücklich auf g7 steht und Weiß zu gefährlichem Angriff kommt.} fxg5 25.
Qxg5 {[%csl Rg7,Rg8]} Kh8 (25... Bf7 26. Re7 Rxe7 27. Rxe7 Rb2+ 28. Kg3 $36 {
[%csl Gd3,Ge7,Gg5]}) 26. Qh4 {[%csl Rh7][%cal Rh4h7]} Bg8 27. Re7 {[%csl Ge7]
Das Erscheinen des Turms bedeutet mindestens soviel wie der dritte Bauer für
Weiß.} Rxe7 28. Rxe7 Qd8 (28... Rb2+ $2 29. Kg3 Qd8 30. Qf6 $18) 29. Qf6 Qf8
30. Qxf8 Rxf8 31. Rxc7 $16 {Weiß hat jetzt drei Bauern für die Figur. Zu
seinem Unglück hat Schwarz keine Aktivität durch seine Leichtfiguren, weil die
weiße Bauernmasse immer bedrohlicher wird.} Rb8 32. Rxc6 Rb2+ 33. Ke3 Rxa2 34.
Rc8 {[%csl Rg7,Rg8,Rh8] Schwarz ist fast komplett gefesselt, während der weiße
c-Bauer eine neue Gefahr darstellt.} Ra3 (34... Rxh2 35. c4 {[%cal Gc8h8]} Rh1
(35... dxc4 36. Bxc4 {[%cal Rc8g8]}) 36. cxd5 Re1+ 37. Be2 $5 $18 (37. Kd2 Re8)
) 35. c6 Ne6 (35... Rxc3 36. Kd2 {Schwarz ist chancenlos - der c-Bauer wird
zur Dame.} Rb3 37. c7 Rb7 (37... Ne6 38. Rxg8+ $18) 38. Rxg8+ $18) 36. Bf5 $1
Rxc3+ 37. Kd2 Rxc6 {Das hilft auch nicht mehr, aber andernfalls kann Schwarz
sofort aufgeben.} 38. Rxc6 Nxd4 39. Rc8 $18 {Mit einer Qualität mehr gewinnt
Weiß leicht. Die schwarzen Bauern sind schwach.} Kg7 40. Ke3 Nb5 (40... Nxf5+
41. gxf5 Bf7 42. Ra8 $18) 41. Bd3 {Schwarz gab in hoffnungsloser Stellung auf .
Ribli.} (41. Bd3 Nd6 (41... a6 42. Ra8 Nc7 43. Ra7 $18) 42. Rc7+ $18) 1-0

[Event "Bundesliga 0203"]
[Site "Germany"]
[Date "2003.02.09"]
[Round "11.6"]
[White "Poldauf, Dirk"]
[Black "Bunzmann, Dimitrij"]
[Result "0-1"]
[WhiteElo "2410"]
[BlackElo "2498"]
[Annotator "Ribli,Z"]
[PlyCount "72"]
[EventDate "2002.10.19"]
[EventType "team-tourn"]
[EventRounds "15"]
[EventCountry "GER"]
[SourceTitle "CBM 094"]
[Source "ChessBase"]
[SourceDate "2003.05.26"]
[SourceVersion "1"]
[SourceVersionDate "2003.05.26"]
[SourceQuality "1"]
[WhiteTeam "Neukoelln"]
[BlackTeam "Stuttgart"]
[WhiteTeamCountry "GER"]
[BlackTeamCountry "GER"]

1. c4 b6 2. Nc3 Bb7 3. e4 (3. d4 e6 4. a3 {Das waere eine chancenreiche
Fortsetzung fuer Weiß - mit 4.a3 verhindert Weiß die Fesselungsmoeglichkeit
mit Bb4.}) 3... e6 4. Nge2 {Dieser Zug ist gegen Bb4 gerichtet: Weiß
verteidigt vorher den c3-Springer, bevor er gefesselt wird. Aber der Springer
steht weniger aktiv auf e2.} (4. d4 {Das waere die prinzipielle Fortsetzung
fuer Weiß und nach 4...Bb4 5.Bd3 f5 haben wir ein kompliziertes Spiel.}) (4.
Bd3) 4... f5 (4... d5 5. exd5 exd5 6. Nxd5 Nf6 7. Nec3 Nxd5 8. Nxd5 Bxd5 9.
cxd5 Qxd5 10. Be2 Nc6 11. O-O Nd4 12. Re1 O-O-O {0-1 Rasmussen,C-Speelman,J/
Copenhagen 2001/CBM 83 ext (36)}) (4... Nf6 $5) 5. d3 $6 {Dieser genuegsame
Zug bietet Schwarz bequemes Spiel. Die Alternative 5.exf5 scheint mir viel
besser.} (5. exf5 exf5 6. Nf4 (6. d4 Nf6 7. Qd3 Be4 8. Qd2 Bb4 9. a3 Bxc3 10.
Nxc3 Qe7 11. Kd1 O-O 12. f3 Bb7 13. Bd3 Nc6 {1/2-1/2 Miezis,N-Ward,C/Port Erin
1998/CBM 67 ext (57)}) 6... Nf6 7. Be2 Bd6 8. d4 O-O 9. O-O Nc6 (9... Ne4 10.
Nb5 a6 11. Nxd6 Nxd6 12. b4 Nc6 13. Bb2 Qg5 14. g3 Rae8 15. Nd5 f4 16. h4 Qd8 {
1/2-1/2 Hebert,J-Roussel Roozmon,T/Montreal 2002/CBM 88 ext (16)}) 10. c5 Bxf4
11. Bxf4 Ne7 12. Bf3 Ne4 13. Re1 Ng6 14. Bxe4 Bxe4 15. Nxe4 Nxf4 16. Nc3 Qg5
17. Qf3 {1/2-1/2 Miezis,N-Czebe,A/Baden 2000/EXT 2001 (21)}) 5... fxe4 6. dxe4
Nf6 7. f3 (7. e5 Ng4 $15) 7... Bc5 {[%csl Gc5][%cal Gc5g1] Der B steht
ausgezeichnet auf c5 und kontrolliert stark die Diagonale a7-g1.} 8. Ng3 (8.
Nd4 $5 $11) 8... Nc6 {[%csl Yd4] Das wichtiges Zentrumsfeld d4 ist schwach in
der weißen Stellung.} 9. Bd3 (9. Na4 Bb4+ 10. Bd2 Qe7 $15) 9... O-O {[%csl Rg3]
[%cal Gf8f1,Gc5g1] Schwarz kann zufrieden sein mit dem Ergebnis der Eroeffnung
- er kontrolliert die halboeffene f-Linie und die Diagonale a7-g1, sein Gegner
hat Schwerigkeiten mit der Entwicklung und der g3N steht ungluecklich.} 10. f4
$6 e5 $15 {[%csl Yd4] Mit der Partiefortsetzung Schwarz befestigt seine
Kontrolle ueber das d4-Feld und moechte die Stellung oeffnen.} 11. f5 Nb4 (
11... Nd4 $15) 12. Bb1 (12. a3 $6 Nxd3+ 13. Qxd3 Ng4 14. Nd1 Qh4 $17) (12. Be2
$15) 12... a5 {Mit diesem prophylaktischen Zug verteidigt sich Schwarz gegen
a3-b4.} 13. Bg5 h6 14. h4 $6 {Dieser Zug ist zu optimistisch. Es waere besser
die Fesselung des Springers mit 14.Bh4!? beizubehalten.} (14. Bxf6 Qxf6 $15) (
14. Bh4 $5) 14... hxg5 15. hxg5 Nh7 16. Rxh7 (16. Qh5 Qxg5 17. Qxh7+ Kf7 18.
Qh5+ Qxh5 19. Rxh5 Rh8 $17) 16... Qxg5 {[%csl Gc5,Re1,Gg5] Schwarz hat
Angriffschancen und starke Kontrolle ueber die dunklen Felder.} 17. Rh3 Qe3+
18. Qe2 (18. Nge2 Qf2+ 19. Kd2 Qxg2 $17 (19... Rf6 $17)) 18... Kf7 $1 {[%cal
Gf8h8,Gh8h3][%mdl 32] Schwarz hat keine Angst vom Damentausch, er bereitet Rh8
vor.} (18... Qc1+ 19. Nd1 Ba6 20. a3 Bxc4 $6 21. Qh5 $132) 19. Qxe3 Bxe3 20. a3
Na6 {[%cal Ga6c5]} 21. Ba2 {[%cal Ga2f7]} Rh8 $1 {[%cal Gh8h1]} (21... Nc5 $15)
22. c5+ Ke7 23. cxb6 Rxh3 24. gxh3 Bxb6 {[%csl Gb6,Gb7,Rh3][%cal Gb6g1,Ga8h8,
Gh8h3] Schwarz hat das Läuferpaar - besonders sein b6B ist stark.} 25. O-O-O
Rh8 $17 {[%mdl 2048]} 26. f6+ {Dieses Bauernopfer hilft nicht - in der schwere
Stellung moechte im Trueben zu fischen.} (26. Rh1 Nc5 $17) 26... gxf6 (26...
Kxf6 27. Rxd7 Nc5 28. Rf7+ Kg6 $17) 27. Nf5+ Kd8 28. h4 {Der weiße h-Bauer ist
gar nicht gefaehrlich fuer Schwarz.} Nc5 29. Bd5 Bxd5 30. exd5 (30. Rxd5 Rh5
$19 {Jetzt droht 31...Nxe4, mit weiterem Bauerngewinn.}) 30... Rh5 $1 31. Rf1
Nd3+ 32. Kd2 Nf4 $19 {[%csl Gf4,Rf5,Rh4,Gh5] Nach diesem Zug muss Weiß den
h4-Bauern unverteidigt lassen.} 33. Ng3 Rxh4 34. Nce4 Rh2+ 35. Kc3 Nxd5+ {
Schwarz hat drei Bauern mehr und steht auf Gewinn.} 36. Kb3 Bd4 0-1

[Event "FIDE-Wch k.o."]
[Site "Groningen"]
[Date "1997.12.13"]
[Round "2.6"]
[White "Kortschnoj, Viktor Lvovich"]
[Black "Short, Nigel D"]
[Result "0-1"]
[WhiteElo "2610"]
[BlackElo "2660"]
[Annotator "Ribli,Z"]
[PlyCount "50"]
[EventDate "1997.12.09"]
[EventType "k.o."]
[EventRounds "7"]
[EventCountry "NED"]
[SourceTitle "CBM 063"]
[Source "ChessBase"]
[SourceDate "1998.03.26"]
[SourceVersion "1"]
[SourceVersionDate "1998.03.26"]
[SourceQuality "1"]

1. c4 b6 {Das ist eine englische Spezialität. Früher wurde sie von Miles und
Speelman angewendet, heutzutage spielt Short 1...b6. Ein großer Vorteil - oder
Nachteil ? - der Variante ist, daß Schwarz die theoretischen Hauptvarianten
vermeiden kann. Ribli.} 2. Nc3 ({Nach meiner Meinung ist die kritische Variante
} 2. d4 e6 3. e4 Bb7 4. Bd3) 2... e6 3. Nf3 Bb7 4. g3 f5 {Das ist eine
interessante Mischung aus Damenfianchetto und Holländischer Verteidigung.} (
4... Bb4 5. Bg2 Bxc3 $5 (5... Nf6 {normal}) (5... Ne7 $6 6. Qc2 c5 7. Nb5 $1 d6
8. a3 Ba5 9. b4 cxb4 10. axb4 Bxb4 11. Qb2 Nbc6 12. Qxg7 Rg8 13. Qxh7 a6 14.
Nc3 Nd4 15. Bb2 Nxf3+ 16. Bxf3 Bxf3 17. exf3 Bxc3 18. Bxc3 {1-0 Van Wely,
L-Piket,J/Fontys 1997 (24)}) 6. bxc3 (6. dxc3 $5 $14) 6... Ne7 7. O-O O-O 8. a4
$6 {Dieser Zug schwächt den Damenflügel.} Nbc6 9. d3 Na5 10. e4 f5 $1 (10... d5
11. cxd5 exd5 12. e5 $14) 11. exf5 Nxf5 12. Bf4 Ne7 (12... d6 {Mit folgendem
e6-e5.Ribli.}) 13. Be3 Ng6 {Pigusov,E-Ehlvest,J/Novosibirsk 1993/0-1 (40)}) (
4... g5 5. h3 Bg7 6. d3 h6 7. Bg2 f5 8. e4 Ne7 9. exf5 Bxc3+ 10. bxc3 Nxf5 11.
Nh4 Bxg2 12. Qh5+ Kf8 13. Nxg2 Qf6 14. O-O Nc6 15. d4 Re8 16. Ne3 Kg7 {=/+
Karlsson,L-Miles,A/Metz 1983}) 5. Bg2 Nf6 {Schwarz verstärkt seine Kontrolle
über das Feld e4, und früher oder später folgt Bxc3.} 6. O-O (6. b3 Be7 (6...
Bb4 $5) 7. Bb2 O-O 8. O-O a5 9. d4 Ne4 10. Qc2 Nxc3 11. Bxc3 Be4 12. Qd2 Bf6
13. Rfd1 Qe7 14. Ne1 Bxg2 15. Nxg2 {1/2-1/2 Nizard,R-Droulers,D/Paris-ch 1992 
(27)}) (6. d3 Be7 7. e4 fxe4 8. Ng5 O-O 9. O-O Nc6 10. dxe4 e5 11. Nd5 Nd4 12.
h4 Bc5 13. b4 Bxd5 14. exd5 Bxb4 15. Qd3 h6 16. Ne4 Bc5 17. Bb2 {1/2-1/2
Pribyl,J-Scerbin,D/Decin op 1996}) 6... Bb4 $5 (6... Be7 7. d3 O-O 8. Re1 Qe8
9. Bf4 d6 10. e4 fxe4 11. dxe4 Nh5 12. Be3 Nd7 13. Nb5 Bd8 14. Ng5 e5 15. Bh3
Bxg5 16. Bxg5 Nc5 17. Bf5 {1-0 Hansen,T-Ryan,E/EU-chJM U16 1995 (32)}) (6... c5
7. d3 Be7 8. e4 O-O 9. exf5 exf5 10. d4 Ne4 11. Nd5 Bxd5 12. cxd5 c4 13. Nd2 {
1/2-1/2 Mellegers,J-Plasman,H/Dieren op 1997 (49)}) 7. Qb3 (7. d3 O-O 8. Bd2
Qe7 9. a3 Bxc3 10. Bxc3 d6 11. b4 Nbd7 12. Qb3 Rab8 13. Nd4 Bxg2 14. Kxg2 Qf7
15. Nc6 Ra8 16. a4 Qe8 17. b5 Nc5 18. Qc2 a5 19. Bxf6 Rxf6 20. d4 Ne4 21. f3
Ng5 22. h4 Nf7 23. f4 Nd8 24. Nxd8 Rxd8 25. e4 {1-0 Schimmer,K-Knispel Roth,M/
Muenster op 1996 (40)}) 7... Bxc3 8. Qxc3 {Weiß hat das Läuferpaar, aber
Schwarz verfügt über eine solide Stellung.} O-O $11 9. b4 (9. b3 $5 d6 10. Bb2
e5 11. d3 Nbd7 $11 {Weiß besitzt das Läuferpaar, aber sein Bb2 ist durch die
Bauernkette Pd6-Pe5 in seinem Bewegungsspielraum eingeschränkt.}) 9... a5 $1 {
Schwarz kommt sofort zu Gegenangriff.} 10. b5 $6 {Weiß gewinnt zwar Raum,
kompromittiert aber seine Bauernstellung am Damenflügel und gibt die Kontrolle
über das Feld-c5 auf.} (10. a3 $5 Qe7 (10... Ne4 $6 11. Qb2)) 10... Qe7 11. a4
d6 {Schwarz möchte 12...e5 spielen und sich ein starkes Zentrum aufbauen.} 12.
d4 {Dieser Zug verhindert 12...e5, gibt aber die Kontrolle über e4 auf.} (12.
d3 e5) 12... Nbd7 13. Ba3 {Die Opposition der schwarzen Dame und des Ba3 ist
nicht gefährlich für Schwarz, weil c4-c5 nicht spielbar ist.} (13. Bb2 $5)
13... Ne4 $1 14. Qc2 e5 $15 15. dxe5 {Weiß öffnet die Stellung für sein
Läuferpaar, aber Schwarz kommt zu gutem Figurenspiel am Königsflügel.} (15. d5
Rae8 $15 {Schwarz hat freie Hand am Königsflügel, und das Läuferpaar zählt
nicht in geschlossenen Stellungen.}) 15... Nxe5 16. Nd4 $6 (16. Nxe5 Qxe5 17.
Bb2 Qe6 $15 {Die weißen Bauern am Damenflügel sind immer schwach. Schwarz
kontrolliert die wichtigsten Punkte.}) 16... Qf7 {[%csl Rg1][%cal Rf7c4,Gf7h5]}
17. Rac1 (17. f3 Nc5 $15) 17... Rae8 {Weiß hat nichts am Damenflügel. Schwarz
kann alle sechs Figuren in sein Spiel am Königsflügel einbeziehen.} 18. e3 (18.
Rfd1 $5) 18... Qh5 {[%csl Gh5]} 19. Qd1 Qf7 {Natürlich ist es vorteilhaft für
Schwarz, die Damen auf dem Brett zu halten.} (19... Qxd1 20. Rfxd1 g5 $11) 20.
Qc2 {Weiß wäre mit der Zugwiederholung zufrieden, weil er schlechter steht.}
Ba8 {Natürlich spielt Schwarz auf Gewinn. Er hat noch keinen konkreten
Angriffsplan und hält die Stellung zunächst unverändert.} 21. Ne2 $2 {Weiß
möchte 22.Nf4 spielen, aber Schwarz ist schneller. Der große Nachteil der
Partiefortsetzung ist, daß Weiß - nach folgendem 21...Qh5 - wegen 21.Ne2 nicht
22.Qd1 mit Angebot des Damentauschs ziehen kann.} (21. f3 Nc5 $15) 21... Qh5
$17 22. f3 $6 (22. Nf4 Nf3+ 23. Bxf3 (23. Kh1 $4 Qxh2#) 23... Qxf3 24. Nd5 (24.
Qe2 Nd2 (24... Ng5 $17) (24... Qxe2 25. Nxe2 Ng5 26. Rfd1 $15) 25. Qxf3 Nxf3+
26. Kg2 Nd2+ $17 {[%cal Ra8g2,Rd2f1]}) 24... Ng5 {[%csl Rg1][%cal Rg5h3]} 25.
h4 Ne6 $15) 22... Ng5 {[%csl Rf3][%cal Re5f3,Rg5f3,Rh5f3,Ra8f3]} 23. f4 (23.
Nf4 Ngxf3+ 24. Bxf3 Nxf3+ $19) (23. Nd4 Ngxf3+ 24. Nxf3 Nxf3+ 25. Bxf3 Bxf3 $17
{[%csl Rg1]}) 23... Bxg2 $19 24. fxe5 (24. Kxg2 Ng4 $19 {[%cal Rg4e3,Re3f1,
Re3c2,Re3g2,Rh5h2]}) 24... Bxf1 25. Nf4 (25. Rxf1 Nf3+ $19) 25... Nh3+ {
Und Weiß gab in verlorener Stellung auf. Eine von Kortschnoj sehr schlecht
geführte Partie. Wir sollten aber nicht vergessen, daß dies die vierte
Schnellpartie dieses Minimatches - nach zwei Partien mit normaler Bedenkzeit -
war.Ribli.} (25... Nh3+ 26. Kxf1 Qf3+ 27. Ke1 Qxe3+ $19) 0-1